| 000 | 00984nam a22003257a 4500 | ||
|---|---|---|---|
| 003 | CHAP | ||
| 005 | 20220817041326.0 | ||
| 008 | 971013s2007 it r 00010 eng d | ||
| 010 | _a11309 | ||
| 011 | _a12281 | ||
| 020 | _a9789251057629 | ||
| 035 | _a14826 | ||
| 040 | _cCHAP | ||
| 090 | _aCD-383 | ||
| 110 | 2 | _aFAO | |
| 245 | 1 | 4 |
_aThe state of the world's animal genetic resources for food and agriculture _h[Disco compacto] _c/por FAO |
| 260 |
_aRoma : _bFAO, _c2007 |
||
| 300 |
_a1 disco compacto : _c4 3/4 plgs. |
||
| 590 |
_aBATCH-UPD _b10 _c20130110 _lUCH01 _h1158 |
||
| 590 |
_aBATCH-UPD _b10 _c20130410 _lUCH01 _h0741 |
||
| 590 |
_aBATCH-UPD _b10 _c20130914 _lUCH01 _h1504 |
||
| 590 |
_aCONVERSION _b10 _c20130109 _lUCH01 _h1307 |
||
| 650 | 1 | 4 |
_aGanado. _944888 |
| 650 | 1 | 4 | _aGenética animal. |
| 650 | 1 | 4 |
_aGermoplasma. _947766 |
| 650 | 1 | 4 |
_aRecursos genéticos. _995078 |
| 901 | _aBK | ||
| 942 | _cCD | ||
| 949 |
_aCD-383 _bBC _cCD _d33724002312157 _eCD _gDonaciØn _i14826 _sb |
||
| 999 |
_c11309 _d11309 |
||